| 000 | 00665nam a22002051a 4500 | ||
|---|---|---|---|
| 001 | 8176655 | ||
| 005 | 20110718132025.0 | ||
| 008 | 811112s1981 ilu 00000 eng d | ||
| 035 | _a(OCoLC)ocm07933265 | ||
| 035 | _9AHP-1209 | ||
| 035 | _a(LCCdb)26433 | ||
| 040 |
_aCSM _cCSM _dJBT _dLCCdb |
||
| 100 | 1 | 0 | _aFelske, Norma |
| 245 | 1 |
_aYou can teach young teens / _cNorma Felske _h[Text] |
|
| 260 | 0 |
_aWheaton, Ill. _bVictor Books _c[1981] |
|
| 300 | _a64 p. : ill. ; 21 cm. | ||
| 500 | _aUpdated, expanded from Teaching that grabs young teens. | ||
| 504 | _aUpdated, expanded from Teaching that grabs young teens. | ||
| 650 | 0 | _aReligious education of adolescents. | |
| 999 |
_c35653 _d35653 |
||